| 000 | 01009cam a2200289 a 4500 | ||
|---|---|---|---|
| 001 | 000012364 | ||
| 005 | 20200929163019.0 | ||
| 008 | 840505s1982 mx b 001 0 spa d | ||
| 020 | _z968161142X (ed. completa) | ||
| 020 | _z9681611438 (v.1) | ||
| 020 | _z9681611446 (v.2) | ||
| 035 | _aOCLC ocm10693982 from D970220M | ||
| 040 |
_aDO-SdBNP _cPIT _dBNPHU |
||
| 090 |
_a306.43 _bV364e |
||
| 100 | 1 |
_aVaughan, Mary Kay, _d1942- _929048 |
|
| 245 | 1 | 0 |
_aEstado, clases sociales y educación en México / _cMary Kay Vaughan ; traducción Martha Amorín de Pablo. |
| 260 |
_aMéxico, D.F. : _bFondo de Cultura Económica, _c1982. |
||
| 300 |
_a2 v. ; _c17 cm. |
||
| 490 | 1 |
_aSEP/80 _v28 |
|
| 500 | _aLa bibliteca posee el t. 2. | ||
| 504 | _aIncluye referencias bibliográficas: (v.2, p. 501-546) | ||
| 650 | 4 |
_aSociología de la educación _zMexico _929049 |
|
| 650 | 4 |
_aEducación _zMexico _xHistoria _929050 |
|
| 830 | 0 |
_aSEP/80 ; _v28 _916689 |
|
| 910 | _aCatalogación por copia / LC | ||
| 049 | _aBNGR | ||
| 999 |
_c12021 _d12021 |
||